00000000nem##2200000za#4500
0019.549673
003CaOODSP
00520200327000034
007aj |a|||
008150406|2010||||xxc||||   a##f  |   fre|d
020 |a978-0-660-64761-6
022 |a1915-884X
040 |aCaOODSP|bfre
041 |aeng
041 |afre
043 |an-cn---
0861 |aM116-2/093G15
1101 |aCanada.|bRessources naturelles Canada. |bCentre d'information topographique.
24510|aPrince George, Colombie-Britannique : |h[document cartographique]|bFraser-Fort George Regional District
250 |aÉd. 06, version 00
255 |aÉchelle 1:50,000
260 |aOttawa - Ontario : |bRessources naturelles Canada. |c2010.
300 |a1 feuille. : |bcarte en couleur ; |c69 cm.
4901 |aCartes topographiques du Canada|x1915-884X|v93-G/15
500 |aSérie A721. Comprend une légende.
590 |a10-21|b2010-05-28
7760#|tPrince George, British Columbia : |w(CaOODSP)9.584305
791 |tPrince George, British Columbia : |eeng|w(CaOODSP)9.549672
830#0|aCartes topographiques du Canada,|x1915-884X|v93-G/15|w(CaOODSP)9.511451